Enciclopedia de química industrial / (Record no. 147536)
[ view plain ]
| 000 -LEADER | |
|---|---|
| campo de control de longitud fija | 01452nam a2200205 i 4500 |
| 001 - NÚMERO DE CONTROL | |
| campo de control | 147536 |
| 003 - IDENTIFICADOR DE NÚMERO DE CONTROL | |
| campo de control | ES-MaACL |
| 005 - FECHA Y HORA DE LA ÚLTIMA TRANSACCIÓN | |
| campo de control | 20230906202052.0 |
| 007 - CAMPO FIJO DE DESCRIPCIÓN FÍSICA--INFORMACIÓN GENERAL | |
| campo de control de longitud fija | t| |
| 008 - DATOS DE LONGITUD FIJA--INFORMACIÓN GENERAL | |
| campo de control de longitud fija | 071003m19311933sp a e ||||1| spa d |
| 080 ## - NÚMERO DE LA CLASIFICACIÓN DECIMAL UNIVERSAL | |
| Número de la Clasificación Decimal Universal | 66(03) |
| 245 00 - MENCIÓN DEL TÍTULO | |
| Título | Enciclopedia de química industrial / |
| Mención de responsabilidad, etc. | dirigida por Fritz Ullmann ; versión del alemán bajo la dirección de José Estalella. |
| 260 ## - PUBLICACIÓN, DISTRIBUCIÓN, ETC. | |
| Lugar de publicación, distribución, etc. | Barcelona : |
| Nombre del editor, distribuidor, etc. | Gustavo Gili, |
| Fecha de publicación, distribución, etc. | [1931-1933] |
| 300 ## - DESCRIPCIÓN FÍSICA | |
| Extensión | 14 v. : |
| Otras características físicas | il. ; |
| Dimensiones | 28 cm. |
| 505 8# - NOTA DE CONTENIDO CON FORMATO | |
| Nota de contenido con formato | Contiene: 1. Sección I. Química general -- 2. Sección II. Industria química inorgánica y sus productos. A-Ci -- 3. Sección II. Industria química inorgánica y sus productos. CL-Z -- 4. Sección III. Industria química orgánica y sus productos. A-Ce -- 5. Sección III. Industria química orgánica y sus productos. Ci-Z -- 6. Sección IV. Metalurgia, minería... A-G -- 7. Sección IV. Metalurgia, minería... H-Pi -- 8. Sección IV. Metalurgia, minería... Pl.-Z -- 9. Sección V. Combustibles, alumbrado... -- 10. Sección VI. Productos agrícolas, alimenticios y medicinales. A-D -- 11. Sección VI. Productos agrícolas... E-Z -- 12. Sección VII. Tintorería, curtidos... A-E -- 13. Sección VII. Tintorería... F.-Z -- 14. Apéndice. Índice alfabético general |
| 650 #4 - PUNTO DE ACCESO ADICIONAL DE MATERIA--TÉRMINO DE MATERIA | |
| Término de materia o nombre geográfico como elemento de entrada | Química industrial- |
| Subdivisión de forma | Enciclopedias. |
| 9 (RLIN) | 166067 |
| 700 1# - ENTRADA AGREGADA--NOMBRE PERSONAL | |
| Nombre de persona | Ullmann, Fritz. |
| 9 (RLIN) | 111932 |
| 700 1# - ENTRADA AGREGADA--NOMBRE PERSONAL | |
| Nombre de persona | Estalella Graells, José ( |
| Fechas asociadas al nombre | 1879-1938) |
| 9 (RLIN) | 48004 |
| 852 4# - LOCALIZACIÓN | |
| Ubicación | ES-MaACL |
| Número de control de estantería | A-2018-31 |
| Estatus retirado | Estado de pérdida | Estado de daño | No para préstamo | Colección | Biblioteca de origen | Biblioteca actual | Ubicación en estantería | Fecha de adquisición | Fuente de adquisición | Total de préstamos | Signatura topográfica completa | Código de barras | Visto por última vez | Precio de reemplazo | Tipo de ítem Koha |
|---|---|---|---|---|---|---|---|---|---|---|---|---|---|---|---|
| Colección de referencia | Biblioteca del Ateneo de Madrid | Biblioteca del Ateneo de Madrid | Sala Pecera Planta 1 | 17/01/2008 | A-2018-31 | 1153966 | 23/02/2023 | 23/02/2023 | Libro impreso |
